Impensar las ciencias sociales: límites de los paradigmas decimonónicos

Na minha lista:
Detalhes bibliográficos
Autor principal: Wallerstein, Immanuel Maurice (Author)
Formato: Livro
Idioma:espanhol
Publicado em: Ciudad de México Siglo XXI 2007
Edição:5a. ed
Colecção:El Mundo del Siglo XXI
Assuntos:
Tags: Adicionar Tag
Sem tags, seja o primeiro a adicionar uma tag!

MARC

LEADER 00000nam a2200000 a 4500
001 UCH1791
003 CL-VaPUC
008 090514e20070000MX |||||||||||||||||spa|d
020 |a 968232131X 
082 0 4 |a 301  |b WAL  |2 21 
100 0 |a Wallerstein, Immanuel Maurice  |e author  |9 486585 
245 1 0 |a Impensar las ciencias sociales: límites de los paradigmas decimonónicos 
250 |a 5a. ed 
300 |a 309 p 
942 |c BK 
945 |d 20090514 00:00:00  |a rbrito 
260 |a Ciudad de México  |b Siglo XXI  |c 2007 
650 0 |a Sociología   |9 255410 
650 0 |a Ciencias sociales   |9 256351 
583 |a last modification  |c 20090514 00:00:00  |k Rodrigo Vera 
490 0 |a El Mundo del Siglo XXI 
999 |c 333704  |d 333702 
952 |0 0  |1 0  |4 0  |6 301_000000000000000_WAL_2007  |7 0  |8 A  |9 422291  |a BIBEDU  |b BIBEDU  |d 2019-11-22  |i 4551788  |o 301 WAL 2007  |p 4551788  |r 2019-11-22  |w 2019-11-22  |y BK  |k LIT 
952 |0 0  |1 0  |4 0  |6 301_000000000000000_WAL_2007  |7 0  |8 A  |9 422292  |a BIBEDU  |b BIBEDU  |d 2019-11-22  |i 455227K  |o 301 WAL 2007  |p 455227K  |r 2019-11-22  |w 2019-11-22  |y BK  |k PSI 
952 |0 0  |1 0  |4 0  |6 301_000000000000000_WAL_2007  |7 0  |8 A  |9 422293  |a BIBHIS  |b BIBHIS  |d 2019-11-22  |i 4664167  |o 301 WAL 2007  |p 4664167  |r 2025-01-20  |w 2019-11-22  |y BK  |k HIS